000 00514nam a2200181Ia 4500
005 20250508155854.0
008 008 250505s9999 xx 000 0 hin d
037 _aBooks to be hide in OPAC
040 _aFEDL
_beng
_cFEDL
041 _ahin
_2eng
084 _a954.5, KAS/O
_qFEDL
100 _aPakahastar C A
_9766907
245 0 _aKamniya Kashmir
260 _aCulcutta, India
_bMacmillan and Company Limited
_c1948
300 _a20p.
942 _cHB
_h954.5, KAS/O
999 _c1359758
_d1359758